Solar energy : (Record no. 355443)

000 -LEADER
fixed length control field 01356cam a2200361 a 4500
001 - CONTROL NUMBER
control field 15692688
003 - CONTROL NUMBER IDENTIFIER
control field Nust- CAS-E
005 - DATE AND TIME OF LATEST TRANSACTION
control field 20180118181402.0
008 - FIXED-LENGTH DATA ELEMENTS--GENERAL INFORMATION
fixed length control field 090408s2010 fluab b 001 0 eng
010 ## - LIBRARY OF CONGRESS CONTROL NUMBER
LC control number 2009014967
015 ## - NATIONAL BIBLIOGRAPHY NUMBER
National bibliography number GBA945129
Source bnb
016 7# - NATIONAL BIBLIOGRAPHIC AGENCY CONTROL NUMBER
Record control number 015175510
Source Uk
020 ## - INTERNATIONAL STANDARD BOOK NUMBER
International Standard Book Number 9781420075663
020 ## - INTERNATIONAL STANDARD BOOK NUMBER
International Standard Book Number 1420075667
035 ## - SYSTEM CONTROL NUMBER
System control number (OCoLC)ocn226357399
040 ## - CATALOGING SOURCE
Original cataloging agency DLC
Transcribing agency DLC
Modifying agency BTCTA
-- BAKER
-- YDXCP
-- UKM
-- C#P
-- OCLCA
-- BWX
-- CDX
-- DLC
050 00 - LIBRARY OF CONGRESS CALL NUMBER
Classification number TJ810
Item number .S4897 2010
082 00 - DEWEY DECIMAL CLASSIFICATION NUMBER
Classification number 621.47
Edition number 22
Author Mark FOS 2010
100 1# - MAIN ENTRY--PERSONAL NAME
Personal name Foster, Robert,
Dates associated with a name 1962 April 25-
245 10 - TITLE STATEMENT
Title Solar energy :
Remainder of title renewable energy and the environment /
Statement of responsibility, etc. Robert Foster, Majid Ghassemi, Alma Cota.
260 ## - PUBLICATION, DISTRIBUTION, ETC.
Place of publication, distribution, etc. Boca Raton :
Name of publisher, distributor, etc. CRC Press,
Date of publication, distribution, etc. c2010.
300 ## - PHYSICAL DESCRIPTION
Extent xxvii, 352 p. :
Other physical details ill., maps ;
Dimensions 27 cm.
490 1# - SERIES STATEMENT
Series statement Energy and the environment
504 ## - BIBLIOGRAPHY, ETC. NOTE
Bibliography, etc. note Includes bibliographical references and index.
650 #0 - SUBJECT ADDED ENTRY--TOPICAL TERM
Topical term or geographic name entry element Solar energy.
650 #0 - SUBJECT ADDED ENTRY--TOPICAL TERM
Topical term or geographic name entry element Renewable energy sources
General subdivision Environmental aspects.
700 1# - ADDED ENTRY--PERSONAL NAME
Personal name Ghassemi, Majid,
Dates associated with a name 1960-
700 1# - ADDED ENTRY--PERSONAL NAME
Personal name Cota, Alma,
Dates associated with a name 1972-
830 #0 - SERIES ADDED ENTRY--UNIFORM TITLE
Uniform title Energy and the environment (Boca Raton, Fla.)
906 ## - LOCAL DATA ELEMENT F, LDF (RLIN)
a 7
b cbc
c orignew
d 1
e ecip
f 20
g y-gencatlg
942 ## - ADDED ENTRY ELEMENTS (KOHA)
Source of classification or shelving scheme
Koha item type Book
Holdings
Withdrawn status Lost status Source of classification or shelving scheme Damaged status Not for loan Collection code Permanent Location Current Location Shelving location Date acquired Source of acquisition Total Checkouts Full call number Barcode Date last seen Date last checked out Cost, replacement price Price effective from Koha item type
            US-Pakistan Center for Advanced Studies in Energy (USPCAS-E) US-Pakistan Center for Advanced Studies in Energy (USPCAS-E) General Stacks 06/17/2013 Victoria co 3 621.47 FOS 2010 CAS-E0000377 06/26/2024 06/26/2024 9645.00 08/27/2014 Book
© 2023 Central Library, National University of Sciences and Technology. All Rights Reserved.